| 000 | 00701nam a22002177a 4500 | ||
|---|---|---|---|
| 003 | OSt | ||
| 005 | 20160321170809.0 | ||
| 008 | 160321s2015 sp a | |||| 001 0 spa d | ||
| 020 | _a9788441537279 | ||
| 040 | _cCDMR | ||
| 100 | 1 | _aKrug, Steve | |
| 245 | 1 | 0 |
_aNo me hagas pensar, "actualización" _b: una aproximación a la usabilidad y los móviles _cSteve Krug ; [traductor, Gustavo Pérez Martínez] |
| 250 | _a3ª ed. | ||
| 260 |
_aMadrid _bAnaya Multimedia _cD.L. 2015 |
||
| 300 |
_a212 p. _bil. _c23 cm |
||
| 504 | _aInclou referències bibliogràfiques i índex | ||
| 650 | 0 | 4 |
_aEdició de webs _xDisseny _93186 |
| 650 | 0 | 4 |
_aEdició de webs _xDesenvolupament _93186 |
| 942 | _cMON | ||
| 956 | _a2 | ||
| 999 |
_c6919 _d6919 |
||